Computers and information processing : (Record no. 336)

000 -LEADER
fixed length control field nam a22 a 4500
005 - DATE AND TIME OF LATEST TRANSACTION
control field 20170503115547.0
008 - FIXED-LENGTH DATA ELEMENTS--GENERAL INFORMATION
fixed length control field 170503b1986 -U ||||| |||| 00| 0 eng d
020 ## - INTERNATIONAL STANDARD BOOK NUMBER
International Standard Book Number 0256033374 (pbk.)
040 ## - CATALOGING SOURCE
Original cataloging agency AKMAL
082 ## - DEWEY DECIMAL CLASSIFICATION NUMBER
Classification number 001.6 OBR
090 ## - LOCALLY ASSIGNED LC-TYPE CALL NUMBER (OCLC); LOCAL CALL NUMBER (RLIN)
Classification number (OCLC) (R) ; Classification number, CALL (RLIN) (NR) 001.6
Local cutter number (OCLC) ; Book number/undivided call number, CALL (RLIN) OBR
100 1# - MAIN ENTRY--PERSONAL NAME
Personal name O'Brien, James A.,
Dates associated with a name 1936-
9 (RLIN) 763
245 10 - TITLE STATEMENT
Title Computers and information processing :
Remainder of title with software tutorial and BASIC /
Statement of responsibility, etc. James A. O'Brien
250 ## - EDITION STATEMENT
Edition statement 2nd ed.
260 ## - PUBLICATION, DISTRIBUTION, ETC.
Place of publication, distribution, etc. Homewood, Ill. :
Name of publisher, distributor, etc. R.D. Irwin,
Date of publication, distribution, etc. 1986
300 ## - PHYSICAL DESCRIPTION
Extent xxii, 604, [204] p. :
Other physical details ill. (some col.) ;
Dimensions 24cm
500 ## - GENERAL NOTE
General note Rev ed. of: Computers and information processing in business. 1983
504 ## - BIBLIOGRAPHY, ETC. NOTE
Bibliography, etc. note Includes bibliographical references and index.
650 #0 - SUBJECT ADDED ENTRY--TOPICAL TERM
Topical term or geographic name entry element Computers
9 (RLIN) 762
650 #0 - SUBJECT ADDED ENTRY--TOPICAL TERM
Topical term or geographic name entry element Electronic data processing
9 (RLIN) 724
650 #0 - SUBJECT ADDED ENTRY--TOPICAL TERM
Topical term or geographic name entry element BASIC (Computer program language)
9 (RLIN) 764
700 1# - ADDED ENTRY--PERSONAL NAME
Personal name O'Brien, James A.,
Dates associated with a name 1936-
9 (RLIN) 763
942 ## - ADDED ENTRY ELEMENTS (KOHA)
Source of classification or shelving scheme
Koha item type Book
Holdings
Withdrawn status Lost status Source of classification or shelving scheme Damaged status Not for loan Collection code Home library Current library Shelving location Date acquired Inventory number Total Checkouts Full call number Barcode Date last seen Price effective from Koha item type
          NON-FICTION AKMAL Melaka AKMAL Melaka PINJAMAN 03.05.2017 000192   001.6 OBR 201701153 03.05.2017 03.05.2017 Book
Pusat Sumber Maklumat Dato' Haji Sarmin Md Hussin, Akademi Kastam Diraja Malaysia, Melaka
Tel: 06-2331106 | Faks: 06-2313787